000 00464nam a2200205Ia 4500
001 004509
003 YMCAF
005 20230512160303.0
008 100717s1971 ||||||||||||||||| ||und|d
024 _a4509
035 _a4506
040 _aYMCAF
_beng
_cIN-KoLT
041 _aeng
082 _aPRO-T.T
100 _aT.T.T. INS. MADRAS
245 0 _aPROGRAMMED INST. FOR USE IN POLYT. LOGERITH & MANTISSA
260 _c1971
300 _a66
942 _2ddc
_cBK
999 _c3569
_d3569